Estadísticas para Estados de EE. UU. con el Mayor Porcentaje de Hispanos

Haz click aquí para intentar la prueba.

Estadísticas generales

  • Esta prueba ha sido intentada 1.579 veces
  • La puntuación promedio es 8 de 10

Estadísticas de respuestas

%Estado% Correcto
38.4California
98%
38.4Texas
98%
23.7Florida
93%
47.4Nuevo México
91%
18.4Nueva York
88%
30.3Arizona
79%
27.5Nevada
71%
21.1Colorado
59%
19.0Nueva Jersey
48%
16.5Illinois
41%

Distribución de puntuación

Porcentaje por número respondido

Porcentaje de gente con cada puntuación

Historial de tus puntuaciones

No has intentado esta prueba.